Institute of Quarrying (Record no. 120057)

MARC details
000 -LEADER
fixed length control field 00768cam a2200193 4500
001 - CONTROL NUMBER
control field WS118262
008 - FIXED-LENGTH DATA ELEMENTS--GENERAL INFORMATION
fixed length control field 020531n 000 0 eng u
035 ## - SYSTEM CONTROL NUMBER
System control number (Sirsi) u118262
110 ## - MAIN ENTRY--CORPORATE NAME
Corporate name or jurisdiction name as entry element Institute of Quarrying
9 (RLIN) 2766
245 ## - TITLE STATEMENT
Title Institute of Quarrying
520 ## - SUMMARY, ETC.
Summary, etc. Web site for this international professional body for quarrying, construction materials and the related extractive and processing industries. Includes an overview of the industry and details of its educational programme.
650 ## - SUBJECT ADDED ENTRY--TOPICAL TERM
Topical term or geographic name entry element ORGANISATION
650 ## - SUBJECT ADDED ENTRY--TOPICAL TERM
Topical term or geographic name entry element QUARRYING
650 ## - SUBJECT ADDED ENTRY--TOPICAL TERM
Topical term or geographic name entry element AGGREGATES
650 ## - SUBJECT ADDED ENTRY--TOPICAL TERM
Topical term or geographic name entry element BUILT ENVIRONMENT-BUILDING MATERIALS
690 ## - LOCAL SUBJECT ADDED ENTRY--TOPICAL TERM (OCLC, RLIN)
Topical term or geographic name as entry element MINING AND MINERALS
856 40 - ELECTRONIC LOCATION AND ACCESS
Uniform Resource Identifier <a href="https://www.quarrying.org">https://www.quarrying.org</a>
Public note View the website free of charge at www.quarrying.org...
942 ## - ADDED ENTRY ELEMENTS (KOHA)
Suppress in OPAC 0
Holdings
Withdrawn status Lost status Source of classification or shelving scheme Damaged status Not for loan Home library Current library Shelving location Date acquired Total Checkouts Full call number Barcode Date last seen Copy number Price effective from Koha item type
    Dewey Decimal Classification     Virtual Virtual Online 31/05/2002   WEB SITE 118262-2001 06/08/2019 1 06/08/2019 Online material